00325pab a2200133 454500008004000000100001500040245004500055260000900100300001400109362001200123650001800135650001400153773002400167180718b2004 xxu||||| |||| 00| 0 eng d aEvans, Tim aConservative economics and globalisation c2004 ap.383-85. aOct-Dec aGlobalization aEconomics aPolitical Quarterly